Danby and Walsh dental hygiene;theory and practice (Record no. 2552)

MARC details
000 -LEADER
fixed length control field 00397nam a22001577a 4500
008 - FIXED-LENGTH DATA ELEMENTS--GENERAL INFORMATION
fixed length control field 250320b |||||||| |||| 00| 0 eng d
020 ## - INTERNATIONAL STANDARD BOOK NUMBER
ISBN 9780323477192
100 ## - MAIN ENTRY--AUTHOR
Author Bowen Denise M.
245 ## - TITLE STATEMENT
Title Danby and Walsh dental hygiene;theory and practice
250 ## - EDITION STATEMENT
Edition statement 5th
260 ## - PUBLICATION, DISTRIBUTION, ETC. (IMPRINT)
Place of publication U.S
Name of publisher Elsevier
Date of publication 2020
300 ## - COLLATION
Pagination xvii,1053p
650 ## - TRACINGS
Main Subject Dental Hygiene
942 ## - ADDED ENTRY ELEMENTS (KOHA)
Item type Books
050 ## - LIBRARY OF CONGRESS CALL NUMBER
Classification number RK60.5
Item number .B69
Holdings
Source of classification or shelving scheme Not for loan Permanent location Current location Date acquired Accession No. Full call number Barcode. Koha item type
Library of Congress Classification   Medical Library Medical Library 03/20/2025 20024/63841 RK60.5.B69 2025-0833 Books